<?xml version="1.0" encoding="UTF-8"?>
<collection xmlns="http://www.loc.gov/MARC21/slim">
  <record>
    <leader>00000nam  2200000   4500</leader>
    <controlfield tag="001">INLIS000000000014637</controlfield>
    <controlfield tag="005">20220924084429</controlfield>
    <datafield tag="035" ind1="#" ind2="#">
      <subfield code="a">0010-0922001399</subfield>
    </datafield>
    <datafield tag="245" ind1="1" ind2="#">
      <subfield code="a">Pengembangan Sistem Layanan Rawat Jalan Rumah Sakit Umum Kota Tarakan (Pangsit Raja Tarakan) Rumah Sakit Umum Kota Tarakan Kalimantan Utara /</subfield>
      <subfield code="c">dr.ISHAK PALOGA</subfield>
    </datafield>
    <datafield tag="100" ind1="1" ind2="#">
      <subfield code="a">PALOGA, Ishak</subfield>
    </datafield>
    <datafield tag="250" ind1="#" ind2="#">
      <subfield code="a">1</subfield>
    </datafield>
    <datafield tag="300" ind1="#" ind2="#">
      <subfield code="a">viii, 29 halaman ; lampiran :</subfield>
      <subfield code="b">ilustrasi ;</subfield>
      <subfield code="c">30 cm</subfield>
    </datafield>
    <datafield tag="260" ind1="#" ind2="#">
      <subfield code="a">Samarinda :</subfield>
      <subfield code="b">Puslatbang KDOD,</subfield>
      <subfield code="c">2021</subfield>
    </datafield>
    <datafield tag="084" ind1="#" ind2="#">
      <subfield code="a">PKA 098 2021</subfield>
    </datafield>
    <datafield tag="650" ind1="#" ind2="4">
      <subfield code="a">Proyek Perubahan</subfield>
    </datafield>
    <datafield tag="650" ind1="#" ind2="4">
      <subfield code="a">Administrator</subfield>
    </datafield>
    <datafield tag="650" ind1="#" ind2="4">
      <subfield code="a">sistem informasi</subfield>
    </datafield>
    <datafield tag="650" ind1="#" ind2="4">
      <subfield code="a">teknologi informasi</subfield>
    </datafield>
    <datafield tag="650" ind1="#" ind2="4">
      <subfield code="a">inovasi kesehatan</subfield>
    </datafield>
    <datafield tag="650" ind1="#" ind2="4">
      <subfield code="a">layanan pasien</subfield>
    </datafield>
    <datafield tag="650" ind1="#" ind2="4">
      <subfield code="a">layanan kesehatan</subfield>
    </datafield>
    <datafield tag="650" ind1="#" ind2="4">
      <subfield code="a">manajemen data</subfield>
    </datafield>
    <datafield tag="520" ind1="#" ind2="#">
      <subfield code="a">Laporan proyek perubahan ini menjelaskan belum optimalnya tingkat kenyamanan dan kepuasan pasien dikarenakan masih lambatnya pelayanan di loket pendaftaran dan lambatnya pelayanan di poliklinik, kurang efektifnya pemanfaatan ruang tunggu MCU. Inovasi Pengembangan Sistem Layanan Rawat Jalan Rumah Sakit Umum Kota Tarakan adalah melakukan digitalisasi data medik termasuk SBPK dan persetujuan pelayanan sebagai prioritas pertama. Hal ini dapat dilakukan karena secara sistem sudah memungkinkan untuk dikembangkan. Yang kedua memisahkan pendaftaran pasien sakit dan sehat. Hal ini juga dapat dilakukan secara simultan dengan prioritas pertama karena dukungan system yang sudah ada sehingga memungkinkan dilakukan pendaftaran pasien tidak pada satu tempat sebagaimana jika menggunakan sistem manual</subfield>
    </datafield>
    <datafield tag="500" ind1="#" ind2="#">
      <subfield code="a">Coach : Veronika Hanna Naibaho&#13;
Penguji : Dr Mariman Darto, M.Si&#13;
Mentor : dr. JOKO HARYANTO, M.M.</subfield>
    </datafield>
    <datafield tag="990" ind1="#" ind2="#">
      <subfield code="a">PKA/098/2021</subfield>
    </datafield>
  </record>
</collection>
